| 000 | 01268camaa2200349 i 4500 | ||
|---|---|---|---|
| 999 |
_c200444378 _d62590 |
||
| 001 | 200444378 | ||
| 003 | TR-AnTOB | ||
| 005 | 20230729001320.0 | ||
| 007 | ta | ||
| 008 | 050712s1967 tu a b 000 0 tur d | ||
| 010 | _a77222726 | ||
| 035 | _a(TR-AnTOB)200444378 | ||
| 040 |
_aDLC _beng _erda _cBUF _dBGZ _dTR-AnTOB |
||
| 041 | 0 | _atur | |
| 050 | 0 | 4 |
_aHD37.T8 _bM63 1967 |
| 090 |
_aHD37.T8 _bM63 1967 |
||
| 245 | 0 | 0 |
_aModern işletmecilik : _bseçme yazılar / _c[önsöz, Arif T. Payaslıoğlu]. |
| 264 | 3 |
_aAnkara : _bBaşnur Matbaası, _c1967. |
|
| 300 |
_ax, 285 pages : _billustrations ; _c24 cm |
||
| 336 |
_atext _btxt _2rdacontent |
||
| 337 |
_aunmediated _bn _2rdamedia |
||
| 338 |
_avolume _bnc _2rdacarrier |
||
| 490 | 0 |
_aİdari İlimler Fakültesi ; _v7 _aFaculty of Administrative Sciences ; _v7. |
|
| 500 | _aAt head of title: Orta Doğu Teknik Üniversitesi. Middle East Technical University. | ||
| 650 | 7 |
_aTicari teşebbüsler _2etuturkob _99107 |
|
| 650 | 7 |
_aEndüstriyel yönetim _2etuturkob _96479 |
|
| 700 | 1 |
_aPayaslıoğlu, Arif T. _ewriter of preface _9114877 |
|
| 710 | 2 |
_aOrta Doğu Teknik Üniversitesi (Ankara, Turkey). _bİdari İlimler Fakültesi _9133244 |
|
| 942 |
_2lcc _cBK |
||